Actors who worked with David Ayer - Statistics

General Stats
  • This quiz has been taken 11 times
  • The average score is 22 of 68
Answer Stats
Film(s) Answer % Correct
Fury Brad Pitt
100%
Suicide Squad, Bright Will Smith
100%
Suicide Squad Ben Affleck
83%
The Beekeeper, Levon's Trade Jason Statham
83%
Suicide Squad Margot Robbie
83%
Fury, The Tax Collector Shia LaBeouf
83%
Sabotage Arnold Schwarzenegger
67%
Street Kings Chris Evans
67%
Harsh Times Christian Bale
67%
End of Watch Jake Gyllenhaal
67%
Suicide Squad Jared Leto
67%
Bright Joel Edgerton
67%
Fury Jon Bernthal
67%
Street Kings Keanu Reeves
67%
Fury Logan Lerman
67%
End of Watch, Fury, Levon's Trade Michael Peña
67%
Suicide Squad Viola Davis
67%
End of Watch, Levon's Trade David Harbour
50%
Street Kings Forest Whitaker
50%
Suicide Squad Jai Courtney
50%
The Beekeeper Jeremy Irons
50%
Suicide Squad Joel Kinnaman
50%
The Beekeeper Josh Hutcherson
50%
Bright Noomi Rapace
50%
Suicide Squad Cara Delevingne
33%
Street Kings Common
33%
Bright Édgar Ramírez
33%
Suicide Squad Ezra Miller
33%
Street Kings Hugh Laurie
33%
Sabotage Joe Manganiello
33%
Street Kings Naomie Harris
33%
Sabotage Sam Worthington
33%
Sabotage Terrence Howard
33%
Harsh Times, Street Kings Terry Crews
33%
Suicide Squad Adewale Akinnuoye-Agbaje
17%
End of Watch America Ferrera
17%
End of Watch Anna Kendrick
17%
Harsh Times Eva Longoria
17%
End of Watch Frank Grillo
17%
The Tax Collector Jimmy Smits
17%
Harsh Times J.K. Simmons
17%
Suicide Squad Karen Fukuhara
17%
Sabotage Max Martini
17%
The Beekeeper Minnie Driver
17%
Sabotage Mireille Enos
17%
Sabotage Olivia Williams
17%
Fury, Suicide Squad Scott Eastwood
17%
Street Kings The Game
17%
Suicide Squad Adam Beach
0%
Street Kings Cedric the Entertainer
0%
End of Watch Cody Horn
0%
Harsh Times Emilio Rivera
0%
The Beekeeper Emmy Raver-Lampman
0%
Harsh Times Freddy Rodriguez
0%
The Tax Collector George Lopez
0%
Sabotage Harold Perrineau
0%
Suicide Squad, Bright Ike Barinholtz
0%
Suicide Squad, Bright Jay Hernandez
0%
Street Kings Jay Mohr
0%
Bright Joe Rogan
0%
Sabotage Josh Holloway
0%
Bright Lucy Fry
0%
Fury Mark Strong
0%
Street Kings Martha Higareda
0%
Sabotage Martin Donovan
0%
End of Watch Natalie Martinez
0%
Harsh Times, Street Kings, The Tax Collector Noel Gugliemi
0%
The Beekeeper Phylicia Rashad
0%
No matching quizzes found
Score Distribution
Percent of People with Each Score
Percentile by Number Answered
Your Score History
You have not taken this quiz